000 00877nam a22002177a 4500
003 UA-OsUOA
001 44670
007 ta
008 20101213b un ||||| |||| 00| 0 ukr d
090 _a94(477).152
942 _cBK
040 _aUA-OsUOA
_bukr
_cUA-OsUOA
_dUA-OsUOA
245 _a100 ліття. Літопис українців в Квебеку. Документальна, хронологічна історія організаційно-церковно-громадського життя українців Квебеку
_cопрацюв. Змієнко-Сенишин Г.
300 _a240 с.
955 _a4
041 _aukr
080 _a94(477).152
650 7 _a9 Географія. Біографії. Історія
_2UDC
999 _c424771
_d424771